| 000 | 00544nam a22001817a 4500 | ||
|---|---|---|---|
| 003 | CEME | ||
| 005 | 20210628202616.0 | ||
| 008 | 210120b xxu||||| |||| 00| 0 eng d | ||
| 020 | _a0-89529-835-X | ||
| 040 | _cceme | ||
| 082 | _a658.4092 SMI | ||
| 100 |
_aSmith, Perry . M .Maj Gen _960695 |
||
| 245 | _aRules and tools for leaders ,a down to earth guide to effective managing | ||
| 260 |
_aNEW YORK _bPAF BOOK CLUB _c2002 |
||
| 300 | _aXX,II,296 P | ||
| 650 |
_aLEADERSHIP, EXECUTIVES, MANAGEMENT, ORGANIZATION _960696 |
||
| 942 |
_cBK _2ddc |
||
| 999 |
_c570366 _d570366 |
||